MARC

LEADER 00000nam0a2200000 4500
001 44575
005 20231101210905.0
035 |a (RuTPU)RU\TPU\book\46293 
090 |a 44575 
100 |a 20021122d1978 km y0rusy50 ca 
101 1 |a rus  |c ukr 
102 |a UA 
105 |a y g 001zy 
200 1 |a Справочник по химии  |e пер. с укр.  |f А. И. Гончаров, М. Ю. Корнилов 
205 |a 2-е изд., доп. 
210 |a Киев  |c Вища школа  |d 1978 
215 |a 304 с. 
320 |a Библиогр.: с. 304 
606 1 |a Химия  |2 stltpush  |3 (RuTPU)RU\TPU\subj\17362  |9 43035 
610 1 |a физическая химия 
610 1 |a коллоидная химия 
610 1 |a аналитическая химия 
610 1 |a радиационная химия 
610 1 |a биохимия 
610 1 |a природные соединения 
610 1 |a химическая технология 
610 1 |a термины 
610 1 |a определения 
610 1 |a справочники 
675 |a 54(035)  |v 3 
700 1 |a Гончаров  |b А. И.  |g Андрей Иванович 
701 1 |a Корнилов  |b М. Ю.  |g Михаил Юрьевич 
801 1 |a RU  |b 63413507  |c 20021122  |g PSBO 
801 2 |a RU  |b 63413507  |c 20200722  |g PSBO 
942 |c BK